Le classicisme a Rome: aux 1ers. siécles avant et apres JC
Kaydedildi:
| Materyal Türü: | Kitap |
|---|---|
| Dil: | Fransızca |
| Baskı/Yayın Bilgisi: |
Ginebra
Vando Euvres
1979
|
| Seri Bilgileri: | Entretiens su L'antiquite classique, 25
|
| Konular: | |
| Etiketler: |
Etiketle
Etiket eklenmemiş, İlk siz ekleyin!
|
MARC
| LEADER | 00000nam a2200000 a 4500 | ||
|---|---|---|---|
| 001 | UCY4992 | ||
| 003 | CL-VaPUC | ||
| 008 | 950407e19790000SZ |||||||||||||||||fre|d | ||
| 082 | 0 | 4 | |a 930 |b CLA |2 21 |
| 245 | 1 | 3 | |a Le classicisme a Rome: aux 1ers. siécles avant et apres JC |
| 300 | |a 325 p | ||
| 942 | |c BK | ||
| 945 | |d 19950407 00:00:00 |a oaravena | ||
| 260 | |a Ginebra |b Vando Euvres |c 1979 | ||
| 650 | 7 | |a CIVILIZACION CLASICA |2 CL-VaPUC |9 333556 | |
| 583 | |a last modification |c 19950407 00:00:00 |k Rodrigo Vera | ||
| 490 | 0 | |a Entretiens su L'antiquite classique, 25 | |
| 999 | |c 232730 |d 232728 | ||
| 952 | |0 0 |1 0 |4 0 |6 930_000000000000000_CLA_1979 |7 0 |8 X |9 237590 |a BIBHIS |b BIBHIS |d 2019-11-15 |i 306915K |o 930 CLA 1979 |p 306915K |r 2024-01-30 |w 2019-11-15 |y BK_X |k HIS | ||